000 00669nam a2200289Ia 4500
005 20260324144705.0
008 008 260324s9999 xx 000 0 eng d
020 _a9780429315497
037 _aEBOOK
040 _aCRL
040 _beng
040 _cCRL
041 _2eng
041 _aeng
084 _qCRL
100 _aArvonne S Fraser
_91220251
245 4 _aThe U.n. Decade For Women
245 0 _bDocuments And Dialogue
260 _bTaylor and Francis
260 _c1987
365 _a
365 _b230
856 _uhttp://www.taylorfrancis.com/books/9780429315497
942 _cEBOOK
999 _c1827176
_d1827176